|
|
|
|
| LEADER |
00000ny a22000003n 4500 |
| 005 |
20110608105932.0 |
| 008 |
020822s2006 sp | o||| ||cat |
| 016 |
7 |
|
|a bimoBNE20020584401
|2 SpMaBN
|
| 020 |
|
|
|a 9788484295105
|
| 035 |
|
|
|a 1414
|
| 040 |
|
|
|a SpMaBN
|c SpMaBN
|d vLex
|
| 080 |
|
|
|a 347(460.23)(075.8)
|
| 090 |
|
|
|c 569
|d 569
|
| 100 |
1 |
|
|a Maluquer de Motes i Bernet, Carles J.
|
| 245 |
1 |
0 |
|a Dret civil
|h [Recurso electrn̤ico]
|b aspectes bs̉ics /
|c Carlos J. Maluquer de Motes i Bernet (coordinador de l'obra), M. Dolors Gramunt Fombuena, M. Rosa Llc̀er Matacs̀
|
| 256 |
|
|
|a Servicio en ln̕ea
|
| 260 |
|
|
|a Barcelona :
|b Universitat Oberta de Catalunya,
|c 2006
|
| 300 |
|
|
|a p. ;
|c cm
|
| 506 |
1 |
|
|a Contenido solo disponible en los productos indicados
|d vLex Global
|d vLex Global (Academic Edition, excluding Law Schools)
|d vLex Global (U.S. Academic Edition, Law Schools)
|d vLex Global (U.S. Academic Edition, excluding Law Schools)
|d vLex Global (Academic Edition, Law Schools)
|
| 650 |
0 |
7 |
|a Civil
|2 Tesauro vLex
|
| 700 |
1 |
|
|a Gramunt Fombuena, Mara̕ Dolores
|
| 700 |
1 |
|
|a Llc̀er Matacs̀, Mara̕ Rosa
|
| 740 |
0 |
|
|a vLex Libros (Servicios en ln̕ea)
|
| 856 |
4 |
0 |
|z Acceso restringido
|u http://vlex.com/source/dret-civil-aspectes-basics-1414
|
| 942 |
|
|
|c BOOK
|
| 999 |
0 |
|
|a Civil Law
|b Barcelona
|